[Event "Lasker Memorial op-A 15th"]
[Site "Barlinek"]
[Date "2007.06.10"]
[Round "10"]
[White "Paprocki, Jaroslaw"]
[Black "Kutsankov, Vladimir"]
[Result "0-1"]
[WhiteElo "2217"]
[BlackElo "2334"]
[PlyCount "90"]
[EventDate "2007.06.02"]
[EventType "swiss"]
[EventRounds "10"]
[EventCountry "POL"]
[SourceTitle "CBM 118 Extra"]
[Source "ChessBase"]
[SourceDate "2007.07.04"]
[SourceVersion "1"]
[SourceVersionDate "2007.07.04"]
[SourceQuality "1"]

1. e4 c5 2. Nf3 e6 3. d4 cxd4 4. Nxd4 a6 5. Bd3 Nf6 6. 0-0 Qc7 7. Qe2 d6 8. c4 g6 9. Nc3 Bg7 10. Be3 0-0 11. Rac1 b6 12. f3 Bb7 13. Qf2 Nbd7 14. Rfd1 Rfe8 15. Bf1 Rad8 16. Qh4 Rc8 17. g4 Ne5 18. b3 Qb8 19. Bg2 Ba8 20. g5 Nfd7 21. Qg3 Nc5 22. Bf1 Bb7 23. h4 Qc7 24. Be2 Qe7 25. a3 Nc6 26. Nxc6 Rxc6 27. b4 Nd7 28. Na4 d5 29. cxd5 exd5 30. Rxc6 Bxc6 31. Nxb6 Nxb6 32. Bxb6 dxe4 33. Bc5 Qe6 34. f4 e3 35. Rd3 Bf8 36. Bd4 Qe4 37. Bxe3 Bb5 38. Rd2 Qxe3+ 39. Qxe3 Rxe3 40. Bxb5 axb5 41. Rd5 Rxa3 42. f5 Rb3 43. Rxb5 Rxb4 44. Rd5 Rxh4 45. f6 Rh5 0-1

[Event "Lasker Memorial op-A 15th"]
[Site "Barlinek"]
[Date "2007.06.09"]
[Round "9"]
[White "Przezdziecka, Ewa"]
[Black "Kutsankov, Vladimir"]
[Result "0-1"]
[WhiteElo "2133"]
[BlackElo "2334"]
[PlyCount "98"]
[EventDate "2007.06.02"]
[EventType "swiss"]
[EventRounds "10"]
[EventCountry "POL"]
[SourceTitle "CBM 118 Extra"]
[Source "ChessBase"]
[SourceDate "2007.07.04"]
[SourceVersion "1"]
[SourceVersionDate "2007.07.04"]
[SourceQuality "1"]

1. d4 Nf6 2. Nf3 c5 3. d5 d6 4. Nc3 e5 5. e4 Be7 6. Bb5+ Nbd7 7. a4 0-0 8. 0-0 Ne8 9. Bd3 g6 10. Nd2 Bg5 11. Nc4 Bxc1 12. Qxc1 Qe7 13. Qe3 Ndf6 14. Be2 a6 15. a5 Bd7 16. f4 exf4 17. Qxf4 Kg7 18. Rf2 Rd8 19. g4 h6 20. h4 Bb5 21. g5 hxg5 22. hxg5 Nh7 23. Rg2 Bxc4 24. Bxc4 Nc7 25. Qh4 Rh8 26. Rf1 Nf8 27. Qf4 Nd7 28. Be2 Rh7 29. Nd1 Rdh8 30. Ne3 Rh4 31. Rg4 Rh1+ 32. Kf2 Ne5 33. Rg2 R1h4 34. Ng4 R8h5 35. Qf6+ Qxf6+ 36. Nxf6 Rh8 37. Ng4 Nxg4+ 38. Bxg4 Re8 39. Kg3 Rh7 40. Rgf2 Kg8 41. Rf6 Rd8 42. R1f3 Ne8 43. R6f4 Rb8 44. Rb3 Rh1 45. Rbf3 Ng7 46. Kg2 Rc1 47. Rf2 Rf8 48. Rxf7 Rxf7 49. Be6 Nxe6 0-1

[Event "BLR-ch"]
[Site "Minsk"]
[Date "2007.01.10"]
[Round "3"]
[White "Kutsankov, Vladimir"]
[Black "Aleksandrov, Aleksej"]
[Result "0-1"]
[WhiteElo "2361"]
[BlackElo "2601"]
[PlyCount "61"]
[EventDate "2007.01.10"]
[EventType "tourn"]
[EventRounds "11"]
[EventCountry "BLR"]
[EventCategory "10"]
[SourceTitle "CBM 116 Extra"]
[Source "ChessBase"]
[SourceDate "2007.03.07"]
[SourceVersion "1"]
[SourceVersionDate "2007.03.07"]
[SourceQuality "1"]

1. d4 d5 2. c4 e6 3. Nc3 Bb4 4. Nf3 Nf6 5. Bg5 Nbd7 6. cxd5 exd5 7. e3 c5 8. Bb5 Qa5 9. 0-0 Bxc3 10. Bxd7+ Nxd7 11. bxc3 c4 12. Qc2 Nb6 13. a4 Bd7 14. Rfb1 f6 15. Bf4 0-0 16. Rb4 Rfe8 17. Nd2 Bc6 18. h4 Re7 19. h5 Rae8 20. Nf1 Nc8 21. Ng3 b5 22. Qf5 bxa4 23. e4 Bd7 24. Bc7 Qxc7 25. Qxd5+ Be6 26. Qb5 Nb6 27. h6 g6 28. Qa5 Bf7 29. Rxb6 Qf4 30. Re1 Qxh6 31. Re3 0-1

[Event "BLR-ch"]
[Site "Minsk"]
[Date "2007.01.10"]
[Round "5"]
[White "Kutsankov, Vladimir"]
[Black "Zhigalko, Sergei"]
[Result "0-1"]
[WhiteElo "2361"]
[BlackElo "2539"]
[PlyCount "69"]
[EventDate "2007.01.10"]
[EventType "tourn"]
[EventRounds "11"]
[EventCountry "BLR"]
[EventCategory "10"]
[SourceTitle "CBM 116 Extra"]
[Source "ChessBase"]
[SourceDate "2007.03.07"]
[SourceVersion "1"]
[SourceVersionDate "2007.03.07"]
[SourceQuality "1"]

1. d4 Nf6 2. c4 e6 3. Nf3 b6 4. e3 Bb7 5. Bd3 Be7 6. 0-0 0-0 7. Nc3 d5 8. cxd5 exd5 9. b3 c5 10. Bb2 Nbd7 11. Rc1 Ne4 12. Qc2 f5 13. Ne2 Bd6 14. Nf4 Qe7 15. Bb5 Ndf6 16. Ne5 Ng4 17. Bc6 Bxc6 18. Nxc6 Qe8 19. Ne5 Rd8 20. Rcd1 cxd4 21. exd4 Nxe5 22. dxe5 Bxe5 23. Nxd5 Bd6 24. Qc4 Qf7 25. Be5 b5 26. Qd4 Bc5 27. Qd3 Rd7 28. b4 Nxf2 29. Rxf2 Bxf2+ 30. Kxf2 Rfd8 31. Qxb5 Rxd5 32. Rxd5 Qxd5 33. Qxd5+ Rxd5 34. Bc3 Rd3 35. Be1 0-1

[Event "BLR-ch"]
[Site "Minsk"]
[Date "2007.01.10"]
[Round "8"]
[White "Lomako, Pavel"]
[Black "Kutsankov, Vladimir"]
[Result "1-0"]
[WhiteElo "2406"]
[BlackElo "2361"]
[PlyCount "58"]
[EventDate "2007.01.10"]
[EventType "tourn"]
[EventRounds "11"]
[EventCountry "BLR"]
[EventCategory "10"]
[SourceTitle "CBM 116 Extra"]
[Source "ChessBase"]
[SourceDate "2007.03.07"]
[SourceVersion "1"]
[SourceVersionDate "2007.03.07"]
[SourceQuality "1"]

1. d4 Nf6 2. Nf3 e6 3. Bg5 c5 4. c3 b6 5. Nbd2 Bb7 6. e3 Be7 7. Bd3 Nd5 8. Bxe7 Qxe7 9. 0-0 0-0 10. Re1 cxd4 11. exd4 d6 12. Nc4 Nd7 13. Qd2 h6 14. a4 g5 15. Bf1 g4 16. Qxh6 gxf3 17. Re4 f5 18. Rxe6 Qh7 19. Qg5+ Kh8 20. Rh6 Rf6 21. Rxh7+ Kxh7 22. Bd3 Raf8 23. Re1 R8f7 24. Nxd6 Rxd6 25. Bxf5+ Rxf5 26. Qxf5+ Kg7 27. c4 N7f6 28. cxd5 Bxd5 29. g4 Rd8 1-0

[Event "Minsk Inautomarket op"]
[Site "Minsk"]
[Date "2006.07.13"]
[Round "4"]
[White "Fedorov, Alexei"]
[Black "Kutsankov, Vladimir"]
[Result "1-0"]
[WhiteElo "2617"]
[BlackElo "2366"]
[PlyCount "67"]
[EventDate "2006.07.10"]
[EventType "swiss"]
[EventRounds "9"]
[EventCountry "BLR"]
[SourceTitle "CBM 113 Extra"]
[Source "ChessBase"]
[SourceDate "2006.09.14"]
[SourceVersion "1"]
[SourceVersionDate "2006.09.14"]
[SourceQuality "1"]

1. e4 c5 2. Nf3 e6 3. d3 d5 4. Qe2 Nf6 5. g3 b6 6. Bg2 Bb7 7. e5 Nfd7 8. c4 d4 9. 0-0 Nc6 10. Na3 Qc7 11. Nb5 Qb8 12. Re1 a6 13. Na3 h6 14. h4 Qc7 15. Nc2 Be7 16. h5 0-0-0 17. Bd2 g5 18. hxg6 fxg6 19. b4 Rdf8 20. b5 axb5 21. cxb5 Nd8 22. a4 Rf5 23. Rac1 Bxf3 24. Bxf3 Qxe5 25. Be4 Rf6 26. a5 bxa5 27. Ra1 Qb8 28. Rxa5 Nb7 29. Ra6 Bd8 30. Rea1 Nb6 31. Na3 Kd7 32. Nc4 Nd5 33. Bxd5 exd5 34. Ne5+ 1-0

[Event "EU-Cup 21st"]
[Site "Saint Vincent"]
[Date "2005.09.24"]
[Round "7.6"]
[White "Kutsankov, Vladimir"]
[Black "Hamalainen, Sami"]
[Result "1-0"]
[WhiteElo "2215"]
[BlackElo "2220"]
[PlyCount "39"]
[EventDate "2005.09.18"]
[EventType "team-swiss"]
[EventRounds "7"]
[EventCountry "ITA"]
[SourceTitle "CBM 110"]
[Source "ChessBase"]
[SourceDate "2006.01.31"]
[SourceVersion "1"]
[SourceVersionDate "2006.01.31"]
[SourceQuality "1"]
[WhiteTeam "Minsk Vesnianka"]
[BlackTeam "Jyvaskyla JyS"]
[WhiteTeamCountry "UKR"]
[BlackTeamCountry "FIN"]

1. d4 Nf6 2. c4 g6 3. Nc3 d5 4. Nf3 Bg7 5. e3 0-0 6. Qb3 c6 7. Be2 Qb6 8. cxd5 Qxb3 9. axb3 Nxd5 10. Nxd5 cxd5 11. Bd2 Bf5 12. 0-0 Rc8 13. b4 Nd7 14. Bc3 Nb6 15. Nd2 Bd7 16. b5 Rc7 17. Rfc1 Bf8 18. Bb4 e6 19. Rxc7 Bxb4 20. Nb3 1-0

[Event "EU-Cup 21st"]
[Site "Saint Vincent"]
[Date "2005.09.20"]
[Round "3.6"]
[White "Kutsankov, Vladimir"]
[Black "Danner, Georg"]
[Result "1/2-1/2"]
[WhiteElo "2215"]
[BlackElo "2408"]
[PlyCount "72"]
[EventDate "2005.09.18"]
[EventType "team-swiss"]
[EventRounds "7"]
[EventCountry "ITA"]
[SourceTitle "CBM 110"]
[Source "ChessBase"]
[SourceDate "2006.01.31"]
[SourceVersion "1"]
[SourceVersionDate "2006.01.31"]
[SourceQuality "1"]
[WhiteTeam "Minsk Vesnianka"]
[BlackTeam "Schwarzach"]
[WhiteTeamCountry "UKR"]
[BlackTeamCountry "AUT"]

1. d4 Nf6 2. c4 e6 3. Nc3 Bb4 4. Qc2 Nc6 5. Nf3 d6 6. a3 Bxc3+ 7. Qxc3 0-0 8. Bg5 h6 9. Bxf6 Qxf6 10. g3 e5 11. dxe5 dxe5 12. Bg2 Bg4 13. 0-0 Rad8 14. h3 Bxf3 15. Bxf3 Nd4 16. Kg2 c6 17. Bg4 Qg6 18. e3 Qe4+ 19. Kh2 Nf3+ 20. Bxf3 Qxf3 21. Qxe5 Rd2 22. Kg1 Rfd8 23. Qc7 R8d7 24. Qb8+ Kh7 25. Qxa7 Rxb2 26. Rab1 Ra2 27. Qb8 g5 28. Ra1 Rb2 29. Rab1 Rxb1 30. Rxb1 Rd2 31. Rf1 Qf5 32. Kg2 Qe4+ 33. Kh2 Qc2 34. Kg2 Qe4+ 35. Kh2 Qc2 36. Kg2 Qe4+ 1/2-1/2